00368nam a2200133 a 4500003000200000005001700002008004100019050002600060245004200086260003200128300000700160440005500167650001200222020170223142539.0070806s19uu xx 00 eng d aTR(GS 372.4bLET 1981 aThe letter People: C :bSkillbook 16. aU.S.A :bWorld book,c1981. a13 aA world book- Childcraft reading readiness program aReading